| 000 | 00355nam a22001457a 4500 | ||
|---|---|---|---|
| 020 | _a81-7621-006-4 | ||
| 082 |
_a200 _bHAN/P |
||
| 100 | _aHANH, THICH NHAT | ||
| 245 | _aPRESENT MOMENT WONDERFUL MOMENT | ||
| 260 |
_aDELHI _bFULL CIRCLE _c1997 |
||
| 300 | _a75 | ||
| 520 | _aMINDFULNESS VERSES FOR DAILY LIVING | ||
| 650 |
_aRELIGIOUS _zINDIA |
||
| 942 | _cBK | ||
| 999 |
_c5156 _d5156 |
||